000 00548nam a2200205Ia 4500
003 GCL
008 140319s9999 xx 000 0 eng d
020 _a0811216330
040 _aGCL /
_cGCL
082 0 4 _a895.6
_bM K
100 1 _aMIYAMOTO , TERU
245 1 0 _aKINSHU :
_bAUTUMN BROCADE /
_cMIYAMOTO , TERU
700 1 _aTHOMAS , ROGER K
250 _aFIRST
260 _aنيويورك :
_bA NEW DIRECTIONS BOOK ،
_c2005
300 _a16 CM ؛
_c196 P
650 0 4 _aJAPANESE LITERATURE
650 0 4 _aJAPANESE FICTION
942 _2ddc
_cBK
999 _c16773
_d16773